| 000 | 00557nam a2200205Ia 4500 | ||
|---|---|---|---|
| 001 | 14927 | ||
| 003 | GE_BSU | ||
| 008 | 181216s||||||||xx |||||||||||||| ||und|| | ||
| 040 | _cGE_BSU | ||
| 080 | _a531(075.32) | ||
| 100 | _aБычков,Д.В. Миров,М.О. | ||
| 245 | _aТеоретическая механика | ||
| 245 | _cРед.Т.М.Минаева | ||
| 260 | _aМосква | ||
| 260 | _bВысшая школа | ||
| 260 | _c1976 | ||
| 300 | _a240стр.20см. | ||
| 653 | _aТеоретическая механика | ||
| 942 | _cBK | ||
| 999 |
_c48047 _d48047 |
||